Dessin animé par image - Statistiques

Statistiques générales
  • Ce quiz a été pris 207 fois
    194 depuis la dernière actualisation
  • Le résultat moyen est 15 sur 16
Statistiques - réponses
Par images Réponse % Correct
Bob l'éponge
99%
Tintin
99%
Titeuf
99%
Dora l'exploratrice
98%
Peppa pig
98%
Les Simpson
96%
Foot 2 rue
95%
T'choupi
95%
Inspecteur gadget
93%
Tom et Jerry
93%
Scooby doo
92%
Miraculous
91%
Trotro
87%
Angelo la débrouille
83%
Cédric
83%
Les as de la jungle
78%
Aucun quiz correspondant
Distribution des résultats
% des personnes avec chaque résultat
Percentile par nombre de réponses
Votre historique - résultats
Vous n’avez pas pris ce quiz depuis la dernière actualisation